| Поле | Название | Значение |
| |
Тип записи |
a |
| |
Библиографический уровень |
m |
| 001 |
Контрольный номер |
RU\infra-m\znanium\bibl\2221176 |
| 005 |
Дата корректировки |
20260429142153.8 |
| 008 |
Кодируемые данные |
260417s2026 RU g rus u |
| 020 |
Индекс ISBN |
__ |
| a |
ISBN |
978-5-00156-210-8 |
| 020 |
Индекс ISBN |
__ |
| a |
ISBN |
978-5-16-104168-0 (электр. издание) |
| 020 |
Индекс ISBN |
__ |
| a |
ISBN |
978-5-16-017275-0 (ISBN соиздателя) |
| 040 |
Источник каталогиз. |
__ |
| a |
Служба первич. каталог. |
Общество с ограниченной ответственностью «ЗНАНИУМ» |
| 041 |
Код языка издания |
__ |
| a |
Код языка текста |
rus |
| 044 |
Код страны публикации |
__ |
| a |
Код страны публикации |
RU |
| 080 |
Индекс УДК |
__ |
| a |
Индекс УДК |
338.34 |
| 084 |
Индекс другой классификации/Индекс ББК |
__ |
| 2 |
Источник индекса |
rubbk |
| a |
Индекс другой классификации/Индекс ББК |
65.67 |
| 084 |
Индекс другой классификации/Индекс ББК |
__ |
| 2 |
Источник индекса |
okso |
| a |
Индекс другой классификации/Индекс ББК |
38.03.01 |
| 084 |
Индекс другой классификации/Индекс ББК |
__ |
| 2 |
Источник индекса |
okso |
| a |
Индекс другой классификации/Индекс ББК |
38.03.02 |
| 084 |
Индекс другой классификации/Индекс ББК |
__ |
| 2 |
Источник индекса |
okso |
| a |
Индекс другой классификации/Индекс ББК |
38.03.04 |
| 084 |
Индекс другой классификации/Индекс ББК |
__ |
| 2 |
Источник индекса |
okso |
| a |
Индекс другой классификации/Индекс ББК |
38.04.01 |
| 084 |
Индекс другой классификации/Индекс ББК |
__ |
| 2 |
Источник индекса |
okso |
| a |
Индекс другой классификации/Индекс ББК |
38.04.02 |
| 084 |
Индекс другой классификации/Индекс ББК |
__ |
| 2 |
Источник индекса |
okso |
| a |
Индекс другой классификации/Индекс ББК |
38.04.04 |
| 084 |
Индекс другой классификации/Индекс ББК |
__ |
| 2 |
Источник индекса |
okso |
| a |
Индекс другой классификации/Индекс ББК |
38.05.01 |
| 084 |
Индекс другой классификации/Индекс ББК |
__ |
| 2 |
Источник индекса |
okso |
| a |
Индекс другой классификации/Индекс ББК |
38.06.01 |
| 084 |
Индекс другой классификации/Индекс ББК |
__ |
| 2 |
Источник индекса |
okso |
| a |
Индекс другой классификации/Индекс ББК |
40.03.01 |
| 084 |
Индекс другой классификации/Индекс ББК |
__ |
| 2 |
Источник индекса |
okso |
| a |
Индекс другой классификации/Индекс ББК |
40.04.01 |
| 084 |
Индекс другой классификации/Индекс ББК |
__ |
| 2 |
Источник индекса |
okso |
| a |
Индекс другой классификации/Индекс ББК |
40.06.01 |
| 100 |
Автор |
__ |
| a |
Автор |
Кучеров И.И. |
| q |
Полное имя |
Кучеров Илья Ильич |
| u |
Дополнение |
Институт законодательства и сравнительного правоведения при Правительстве Российской Федерации |
| 245 |
Заглавие |
__ |
| a |
Заглавие |
Цифровая экономика: актуальные направления правового регулирования |
| b |
Продолж. заглавия |
Практическое пособие |
| c |
Ответственность |
Институт законодательства и сравнительного правоведения при Правительстве Российской Федерации; Военный Университет; Воронежский государственный университет; Российская академия народного хозяйства и государственной службы при Президенте РФ; Российский государственный университет правосудия г. Москва им. В.М. Лебедева |
| 250 |
Сведения об издании |
__ |
| a |
Основные сведения об издании |
1 |
| 260 |
Выходные данные |
__ |
| a |
Место издания |
Москва |
| b |
Издательство |
ООО "Юридическое издательство Норма" |
| c |
Дата издания |
2026 |
| 300 |
Физическое описание |
__ |
| a |
Объем |
376 с. |
| 520 |
Аннотация |
__ |
| a |
Аннотация |
В научно-практическом пособии на основе комплексного анализа рассматриваются проблемы правового регулирования цифровой экономики применительно к специализации ведущих отраслей российского права и законодательства. Определены направления развития правовые ценности риски в правовом регулировании социально-экономических отношений в условиях цифровой экономики сформулированы предложения по решению выявленных проблем. Для правоведов — ученых и практиков преподавателей студентов и аспирантов юридических и экономических вузов а также для широкого круга читателей заинтересованных в эффективном развитии цифровой экономики. |
| 521 |
Примеч. о цел. назн. |
__ |
| a |
Примеч. о целев. назн. |
Дополнительное профессиональное образование |
| 650 |
Тематические рубрики |
__ |
| a |
Основная рубрика |
Экономика. Бухгалтерский учет. Финансы |
| 655 |
Указ. предметных рубрик (устаревшее) |
__ |
| a |
Жанр/ форма (устаревшее) |
Практическое пособие |
| 700 |
Другие авторы |
__ |
| a |
Другие авторы |
Синицын С.А. |
| q |
Полное имя |
Синицын Сергей Андреевич |
| u |
Дополнение |
Институт законодательства и сравнительного правоведения при Правительстве Российской Федерации |
| 700 |
Другие авторы |
__ |
| a |
Другие авторы |
Нанба С.Б. |
| q |
Полное имя |
Нанба Сариа Беслановна |
| u |
Дополнение |
Институт законодательства и сравнительного правоведения при Правительстве Российской Федерации |
| 700 |
Другие авторы |
__ |
| a |
Другие авторы |
Трунцевский Ю.В. |
| q |
Полное имя |
Трунцевский Юрий Владимирович |
| u |
Дополнение |
Институт законодательства и сравнительного правоведения при Правительстве Российской Федерации |
| 700 |
Другие авторы |
__ |
| a |
Другие авторы |
Терещенко Л.К. |
| q |
Полное имя |
Терещенко Людмила Константиновна |
| u |
Дополнение |
Институт законодательства и сравнительного правоведения при Правительстве Российской Федерации |
| 700 |
Другие авторы |
__ |
| a |
Другие авторы |
Ефремов А.А. |
| q |
Полное имя |
Ефремов Алексей Александрович |
| u |
Дополнение |
Институт законодательства и сравнительного правоведения при Правительстве Российской Федерации |
| 700 |
Другие авторы |
__ |
| a |
Другие авторы |
Цирин А.М. |
| q |
Полное имя |
Цирин Артем Михайлович |
| u |
Дополнение |
Институт законодательства и сравнительного правоведения при Правительстве Российской Федерации |
| 700 |
Другие авторы |
__ |
| a |
Другие авторы |
Поветкина Н.А. |
| q |
Полное имя |
Поветкина Наталья Алексеевна |
| u |
Дополнение |
Институт законодательства и сравнительного правоведения при Правительстве Российской Федерации |
| 700 |
Другие авторы |
__ |
| a |
Другие авторы |
Копина А. |
| q |
Полное имя |
Копина А.А. |
| 700 |
Другие авторы |
__ |
| a |
Другие авторы |
Омелехина Н. |
| q |
Полное имя |
Омелехина Н.В. |
| 700 |
Другие авторы |
__ |
| a |
Другие авторы |
Лукьянова В.Ю. |
| q |
Полное имя |
Лукьянова Влада Юрьевна |
| u |
Дополнение |
Институт законодательства и сравнительного правоведения при Правительстве Российской Федерации |
| 700 |
Другие авторы |
__ |
| a |
Другие авторы |
Кичигин Н.В. |
| q |
Полное имя |
Кичигин Николай Валерьевич |
| u |
Дополнение |
Институт законодательства и сравнительного правоведения при Правительстве Российской Федерации |
| 700 |
Другие авторы |
__ |
| a |
Другие авторы |
Печегин Д. |
| q |
Полное имя |
Печегин Д.А. |
| u |
Дополнение |
Институт законодательства и сравнительного правоведения при Правительстве Российской Федерации |
| 700 |
Другие авторы |
__ |
| a |
Другие авторы |
Дьяконова М. |
| q |
Полное имя |
Дьяконова М.О. |
| 700 |
Другие авторы |
__ |
| a |
Другие авторы |
Нудель С.Л. |
| q |
Полное имя |
Нудель Станислав Львович |
| 700 |
Другие авторы |
__ |
| a |
Другие авторы |
Маликов С.В. |
| q |
Полное имя |
Маликов Сергей Владимирович |
| u |
Дополнение |
Военный Университет |
| 700 |
Другие авторы |
__ |
| a |
Другие авторы |
Зайцев О.А. |
| q |
Полное имя |
Зайцев Олег Александрович |
| u |
Дополнение |
Институт законодательства и сравнительного правоведения при Правительстве Российской Федерации |
| 856 |
Электронный адрес документа |
4_ |
| a |
Имя сервера/домена |
znanium.ru |
| m |
Помощь |
ebs_support@infra-m.ru |
| n |
Местонахождение сервера |
НИЦ ИНФРА-М |
| u |
URL |
https://znanium.ru/catalog/document?id=477020 |
| 856 |
Электронный адрес документа |
48 |
| a |
Имя сервера/домена |
znanium.ru |
| d |
Путь |
/cover/2221 |
| f |
Электронное имя |
2221176.jpg |
| q |
Тип электронного формата |
image/jpeg |
| u |
URL |
https://znanium.ru/cover/2221/2221176.jpg |
| 911 |
|
__ |
| u |
|
0030=https://znanium.ru/catalog/document?id=477020 |
| 911 |
|
__ |
| u |
|
712a=Военный Университет |
| 911 |
|
__ |
| u |
|
712a=Воронежский государственный университет |
| 911 |
|
__ |
| u |
|
712a=Российская академия народного хозяйства и государственной службы при Президенте РФ |
| 911 |
|
__ |
| u |
|
712a=Российский государственный университет правосудия г. Москва им. В.М. Лебедева |